[Event "Tashkent FIDE GP 2nd"]
[Site "Tashkent"]
[Date "2012.11.27"]
[Round "5"]
[White "Ponomariov, Ruslan"]
[Black "Morozevich, Alexander"]
[Result "1-0"]
[WhiteElo "2741"]
[BlackElo "2748"]
[Annotator "Marin,M"]
[PlyCount "83"]
[EventDate "2012.11.22"]
[EventType "tourn"]
[EventRounds "11"]
[EventCountry "UZB"]
[EventCategory "20"]
[SourceTitle "CBM 152"]
[Source "ChessBase"]
[SourceDate "2013.01.15"]
[SourceVersion "1"]
[SourceVersionDate "2013.01.15"]
[SourceQuality "1"]

1. e4 e6 2. d4 d5 3. Nd2 c5 4. Ngf3 cxd4 5. Nxd4 Nc6 {We will witness some
strange sort of metamorphosis of the structure in the opening: it starts as a
genuine French, but after the exchange on d4 it may well be a Paulsen Sicilian
in which Black has played ...d7-d5 early; and as happens many times in the
Paulsen, the later exchange on c6 will transpose to a typical French again!} 6.
Bb5 {A typical Sicilian reaction when ...d7-d5 arrives early. White tries to
induce some lack of harmony in Black's camp.} (6. Nxc6 bxc6 {looks like
throwing away a tempo if compared to the Paulsen, where the exchange on c6 is
usualy carried out after ...a7-a6. See for instance the Paulsen game
Leko-Svidler from this same tournament. And here is a recent example from
French territory:} 7. Bd3 Nf6 8. O-O Be7 9. b3 O-O 10. Bb2 a5 11. a4 {
Relatively unexplored.} ({In some older games} 11. Qe2 a4 {was played, with a
good position for Black.}) 11... Ba6 12. Bxa6 Rxa6 13. Qe2 Ra8 14. Rad1 Qb6 15.
Kh1 Rad8 16. e5 Nd7 17. f4 c5 18. f5 exf5 19. Rxf5 c4 (19... Qe6 20. Rdf1 Rde8
{[%csl Re5][%cal Ge7d8,Gd8c7]}) 20. Rdf1 Rc8 21. Qf3 Qe6 $13 {Malakhov,V (2732)
-Wang Hao (2724)/Ningbo 2010/CBM 137 Extra (0-1, 35)}) 6... Bd7 7. Nxc6 (7.
Bxc6 bxc6 {Christiansen,L (2595)-Jussupow,A (2655)/Munich 1992/CBM 030/
[Jussupow] (1/2, 64)}) 7... bxc6 (7... Bxc6 8. Bxc6+ bxc6 9. c4 {Topalov,V 
(2796)-Kamsky,G (2725)/Sofia 2009/CBM 129/[Stohl] (1-0, 55)}) 8. Bd3 {Strictly
speaking, White has lost a tempo, but Black has spent it on ...Bc8-d7, which
does not really improve the bishop's placement. On the contrary, the bishop is
farther now from a6 and the knight will not have at its disposal the d7-square
in the event of ...Nf6, e4-e5. Therefore, Black will have to either develop
the knight to e7, or release the tension with ...dxe4. For the time being, he
can make some useful moves before taking a decision regarding the knight.} Bd6
9. Qe2 Qc7 ({To my taste, the most flexible continuation is} 9... Ne7 {After
all, the queen is supposed to be the last piece to be developed.} 10. Nf3 Ng6
11. O-O O-O 12. e5 Bc7 13. Ng5 (13. c4 Qe7 14. Bd2 f6 15. Bxg6 hxg6 16. Rfe1 g5
{Tal,M-Kortschnoj,V/Moscow (blitz) 1972/EXT 2001 (1/2, 28)}) 13... Qe8 14. f4
f5 15. c4 Bb6+ 16. Kh1 Ne7 17. b3 a5 $13 {Fedorchuk,S (2635)-Vitiugov,N (2726)/
Germany 2012/CBM 148 (1/2, 22)}) 10. Nf3 dxe4 {The logical consequence of the
previous move.} (10... Ne7 11. e5 Bc5 {was never tried, but Black's regrouping
looks a bit unnatural.}) ({Preparing ...Ne7 with} 10... f6 {creates a serious
weakness. Would it not be simpler to play 9...Ne7?!} 11. c4 Ne7 12. O-O O-O 13.
Be3 (13. Re1 Rae8 14. e5 fxe5 15. Nxe5 $14 {Adla,D (2491)-Fernandez Romero,E 
(2396)/Zafra 2004/CBM 100 ext (1/2, 29)}) 13... Rae8 14. Rac1 Qb8 (14... dxe4
$5) 15. Rfd1 $14 {Baron Rodriguez,J (2419)-Fernandez Romero,E (2445)/Alcudia
2003/EXT 2005 (1/2, 47)}) 11. Qxe4 Nf6 (11... f5 $6 12. Qe2 {Evans,L (2405)
-Bennett,T (2270)/London 1978/MCD (1-0, 41)}) 12. Qh4 {At the cost of a
minimal structural concession, Black has managed to maintain the harmony of
his development, but faces a concrete problem: castling is not a good idea yet.
} h6 (12... O-O $2 13. Bg5 $18) (12... Rb8 {Yudasin,L (2605)-Gulko,B (2635)/
Biel 1993/CBM 037/[Ftacnik] (1-0, 23)}) 13. O-O c5 {Preparing ...Bc6, with the
hope that the threat ...Bxf3 will distract White's attention from the h6- and
f6-squares.} (13... O-O $2 14. Bxh6 $1 $18) (13... Rb8 14. Bd2 Nd5 $6 {This
loses too much time and allows White to develop his initiative.} (14... Rxb2
15. Bc3 $16) ({The constructive} 14... c5 $5 {[%cal Gd7c6] was playable, with
the possible nice variation:} 15. Bc3 Bc6 16. Bxf6 $140 gxf6 17. Qxf6 Rg8 {
[%cal Gd6h2]} 18. g3 Bxg3 $1 19. fxg3 Rxg3+ 20. Kh1 Rh3 $1 21. Kg1 Rg3+ $1 $11)
15. c4 Nf4 (15... Nb4 16. Be4 $16 {פb4, /\a3, b4} c5 17. Bc3 $1 $40 O-O 18.
Bf6 $1 Rfc8 19. Qg4 Bf8 20. Be5) 16. c5 Nxd3 17. cxd6 Qxd6 18. Rad1 Rb5 19. Bc3
O-O {Yakovich,Y (2515)-Shulman,Y (2435)/Vladivostok 1994/CBM 043 ext (1/2, 51)}
20. Ne5 Rd5 21. Nxd3 Rxd3 22. Bb4 Rxd1 (22... c5 23. Bxc5 $1) 23. Bxd6 Rxd6 24.
Qa4 Ra8 25. Qb4 Rd5 26. Qb7 $16) 14. Nd2 $5 $146 {Removing the knight from the
exposed square in advance and hoping to cause some discomfort to the d6-bishop.
} (14. Bg5 {Guseinov,G (2625)-So,W (2640)/Khanty Mansiysk 2009/CBM 134/
[Erenburg] (1-0, 44)}) (14. Bd2 Bc6) 14... Nd5 {I did not find any concrete
problem with this move, but since Black will have to play ...Bf4 anyway, why
not do it right away?} (14... Bf4 15. Re1 (15. Nc4 Bxc1 16. Raxc1 O-O {In this
line, the knight stands well on f6, enjoying absolute stability and defending
the king's position.}) ({Maybe Morozevich felt uncomfortable about} 15. Ne4 {
, but after} Be5 {Black seems to be doing fine.}) 15... g5 $1 (15... O-O $6 16.
Ne4 Be5 17. Nxf6+ Bxf6 18. Qe4 $16) 16. Qh3 g4 17. Qh4 Bg5 18. Qg3 Bf4 $11 {
Here, too, the knight is useful on f6, taking away the h5- and g4-suares from
the queen.}) 15. Nc4 Bf4 16. Re1 Rb8 17. Be4 {White intends to force Black to
take on c1, but the bishop will be exposed on e4.} ({A more flexible way to do
it was} 17. b3 {[%csl Rf4][%cal Gc1b2]} Bxc1 18. Raxc1 O-O 19. Qe4 Nf6 20. Qe5
Qxe5 21. Rxe5 Rfc8 {[%cal Gg8f8,Gf8e7,Gg7g5] White's position looks more
active, but Black's kingside majority should not be underestimated.}) 17...
Bxc1 18. Raxc1 Nb6 $6 {I believe that only this move is wrong. Black takes his
knight too far from the kingside and in the end it will even be cut off from
the play with c2(-c3)-c4. Morozevich was probably irritated by the blocking
c4-knight, but since the dark-squared bishops have been exchanged, the
blockade is not that important. Besides, with a white knight on c4, there is
no way to drive the active black knight away from d5, so that the positional
factors compensate for each other.} (18... O-O {looks absolutely fine for
Black.}) 19. Ne3 O-O 20. b3 f5 {An ambitious plan, possibly intended from the
beginning of the knight manoeuvre. In the end, Black will be left with just
weaknesses.} 21. Bd3 (21. Bf3 e5 22. Nd5 Nxd5 23. Bxd5+ Kh7 24. f3 $14 {
is a pleasant alternative, but with the game continuation White is obviously
plaing against the b6-knight and does not intend to exchange it!}) 21... e5 22.
f3 Rbe8 23. Rcd1 Kh8 24. c3 {Maybe a bit hesitatant. WHite prepares the bishop
retreat to c2, but does not go all the way with his pawn.} ({Once again,
playing for the d5-square and against the hanging pawns was possible:} 24. Nc4
Bc6 25. Qg3 Nxc4 26. Bxc4 $14 {[%csl Ge5][%cal Gc4d5]}) ({Or if he wanted to
play against the knight,} 24. c4 {looks more direct.}) 24... Rf6 (24... e4 25.
fxe4 fxe4 26. Bc2 $14 {with a nice blockade on e3.}) 25. Bc2 Be6 {Somehow,
Black does not find a proper way to regroup. His hanging pawns are more of a
weakness than a strength.} 26. Rd2 a5 27. c4 {Facing the positional threat ...
a5-a4, with pressure against b3, White finally decides to restrict the enemy
minor pieces.} Nc8 $6 {Black initiates a long manoeuvre aimed at installing
the knight on d4, but the temporary knight retreat allows an effective
tactical blow. The reader can find a similar situation in the game
Nisipeanu-Spasov from the comments to Karjakin-Ponomariov from this same
tournament.} (27... a4 28. g4 $5 {[%csl Ge4][%cal Yc2h7]}) 28. Bxf5 $1 Rxf5 (
28... Bxf5 29. Nd5 Qf7 30. Nxf6 Qxf6 31. Qxf6 gxf6 32. Rd5 $16) 29. Nxf5 Bxf5
30. Qh5 Rf8 31. Rd5 Kh7 32. Rdxe5 $16 {White has obtained a small material
advantage and activated his position even more.} Bg6 33. Qh4 Rd8 34. Qg3 Bf7
35. Qf4 Bg6 36. h4 Rd4 $2 {Allowing the start of a decisive attack.} 37. Qf8
Qd7 38. h5 Bf7 39. Qxc5 a4 40. Re7 Nxe7 41. Rxe7 Rd1+ 42. Kh2 1-0

[Event "Redbus KO"]
[Site "Southend"]
[Date "2001.04.14"]
[Round "2.1"]
[White "McShane, Luke J"]
[Black "Levitt, Jonathan"]
[Result "1-0"]
[WhiteElo "2490"]
[BlackElo "2438"]
[Annotator "McShane,L"]
[PlyCount "91"]
[EventDate "2001.04.13"]
[EventType "k.o."]
[EventRounds "4"]
[EventCountry "ENG"]
[SourceTitle "CBM 083"]
[Source "ChessBase"]
[SourceDate "2001.07.05"]
[SourceVersion "1"]
[SourceVersionDate "2001.07.05"]
[SourceQuality "1"]

1. e4 e6 2. d4 d5 3. Nd2 c5 4. Ngf3 cxd4 5. Nxd4 Nc6 6. Bb5 Bd7 7. Nxc6 Bxc6 8.
Bxc6+ bxc6 9. c4 Nf6 10. Qa4 Qd7 11. e5 Ng8 (11... Ng4 12. Nf3 Be7 13. cxd5 {
and Black has to recapture with the e pawn because the knight on g4 is hangng.}
) 12. O-O Bc5 $6 (12... Ne7 13. Nf3 Nf5 {(or 13...Ng6) was more sensible.}) 13.
Rd1 $1 f5 (13... Ne7 14. Ne4 $1 {was the point of 13.Rd1}) 14. Nb3 Bb6 15. Be3
$1 {Allowing the doubled pawns, as then I could put a knight on c5 and use the
e3-e4 push to play Rd1-d6 (after d5xe4) or prevent castling with Rd1-f1 (after
f5xe4).} (15. c5 Bc7 16. Nd4 {runs into} Bxe5 17. Nxc6 Ne7 $1) 15... Rb8 16.
Bc5 $1 {Ensuring I can cement my bishop on d6 and knight on d4.} Ne7 (16...
Bxc5 17. Nxc5 Qc8 18. cxd5 exd5 19. Rxd5 {wins.}) 17. Bd6 Rc8 18. c5 $1 Bd8 19.
Qa6 $1 {Preventing a7-a5.} O-O 20. Nd4 f4 21. b4 {My plan is simply to get a
passed b-pawn and my opponents pieces are too tangled to create counterplay on
the kingside or deal with the pawn.} Rf7 22. a4 Nf5 23. Nxf5 Rxf5 24. b5 Rf7
25. b6 Qb7 26. Qxb7 Rxb7 27. a5 a6 {The queenside is blocked but the rook on
b7 now closely resembles a pawn and I just have to break through on the
kingside to win.} 28. Ra4 Bg5 29. h4 Bh6 30. Rd3 Kf7 31. g3 Rg8 32. gxf4 g6 33.
Rg3 Bf8 34. h5 Rg7 35. hxg6+ hxg6 36. Kg2 Rg8 37. Ra1 Bg7 38. Kf3 Rh8 39. Rag1
Rh6 40. f5 $1 exf5 41. e6+ $1 Kxe6 42. Bf4 g5 43. Rxg5 Bf6 44. Re1+ Kf7 45.
Rxf5 Rg6 46. Rxd5 $1 (46. Rxd5 cxd5 47. c6 Re7 48. Rxe7+ Bxe7 49. b7 Rg8 50. c7
{and promotes.}) 1-0

[Event "WchT 9th"]
[Site "Antalya"]
[Date "2013.11.27"]
[Round "2.2"]
[White "Solak, Dragan"]
[Black "Meier, Georg"]
[Result "0-1"]
[WhiteElo "2618"]
[BlackElo "2623"]
[Annotator "Meier,Georg"]
[PlyCount "110"]
[EventDate "2013.11.26"]
[EventType "team-tourn"]
[EventRounds "9"]
[EventCountry "TUR"]
[SourceTitle "CBM 158"]
[Source "ChessBase"]
[SourceDate "2014.01.16"]
[SourceVersion "1"]
[SourceVersionDate "2014.01.16"]
[SourceQuality "1"]
[WhiteTeam "Turkey"]
[BlackTeam "Germany"]
[WhiteTeamCountry "TUR"]
[BlackTeamCountry "GER"]

1. e4 e6 2. d4 d5 3. Nd2 c5 $1 {Meiner Meinung nach der beste Zug.} 4. exd5
Qxd5 5. Ngf3 cxd4 6. Bc4 Qd6 7. O-O Nf6 8. Nb3 Nc6 9. Nbxd4 Nxd4 10. Nxd4 a6 {
Dies ist schon seit einer Ewigkeit die Hauptstellung nach 4...Dxd5 und mit der
Zeit hat Weiss mehr und mehr Schwierigkeiten bekommen eine Initiative zu
behaupten.} 11. Re1 Qc7 12. Bf1 $5 {Akopian hat diesen Zug gegen mich ein Jahr
früher in die Praxis eingeführt. Der Läufer ist hier flexibler als auf b3. Es
gilt eine Reihe von Fallstricken zu vermeiden. Allerdings erweist sich die
Variante ohne Überrschungseffekt als harmlos.} (12. Bb3 Bd6 13. Nf5 Bxh2+ 14.
Kh1 O-O 15. Nxg7 Rd8 16. Qf3 Kxg7 17. Bh6+ Kg6 18. c3 {ist mittlerweile schon
bis zum Remis ausgearbeitet.}) 12... Be7 $1 {Scheinbar passiv, garantiert
dieser Zug Schwarz die Vollendung seiner Entwicklung.} (12... Bd6 13. Nf5 Bxh2+
14. Kh1 O-O 15. Nxg7 Rd8 (15... Kxg7 16. Qd4 e5 17. Qh4 $40) 16. Bd3 $1 Kxg7
17. Qd2 $1 $40) (12... Bc5 13. Bg5 O-O 14. Bxf6 gxf6 15. Qh5 $16) 13. Qf3 O-O
14. Bf4 Bd6 15. Bxd6 Qxd6 16. Rad1 Qc7 {Der weisse Entwicklungsvorsprung
verhilft Weiss zu keinem Angriff, da die schwarze Struktur keine Schwachpunkte
aufweist.} (16... Qb6 {kommt auch in Betracht}) 17. g4 $146 {Ich hatte die
Diagrammstellung bei der Vorbereitung ein paar Sekunden vor Augen, entschied
aber keine Zeit auf einen so "lächerlichen" Zug wie g2-g4 zu verbrauchen.} (17.
c4 Bd7 {Ein paar Tage nach der Textpartie versuchte sich Solak witzigerweise
am "Erfinder" von Lf1, allerdings ohne irgendeinen Druck entfalten zu können:}
18. Qg3 (18. h3 Rfd8 19. g4 Be8 (19... b5 $1 $132) 20. g5 Nd7 21. h4 Rac8 22.
Qe3 Nf8 23. h5 {1-0 (44) Akopian,V-Meier,G Istanbul 2012}) 18... Qxg3 19. hxg3
Rfc8 20. f3 Kf8 21. g4 h6 22. Kf2 b5 23. b3 bxc4 24. bxc4 Rc5 25. Nb3 Rc7 26.
Re5 Ba4 27. Ra5 Bxb3 28. axb3 Rb8 29. Rb1 Rcb7 30. Rxa6 Rxb3 31. Rxb3 Rxb3 32.
Ra8+ Ke7 33. Ra7+ Kf8 34. Ra8+ Ke7 35. Ra7+ Kf8 36. Ra8+ {1/2-1/2 (36) Solak,D
(2618)-Akopian,V (2681) Antalya 2013}) 17... Nd5 {Absolut naheliegend, wenn
Weiss schon auf c2-c4 verzichtet und stattdessen das Feld f4 schwächt.} (17...
h6 $2 18. h4 e5 19. g5) 18. Bd3 (18. c4 Nf4 $11) (18. Qg3 Nf4 19. Ne2 e5 $11)
18... b5 19. Qg3 Bb7 20. Qxc7 (20. Re5 g6 $15) 20... Nxc7 21. f3 {Die letzten
weissen Züge waren recht zusammenhanglos und ich spürte bereits dass ich
meinen Gegner nun überspielen können würde.} (21. c3 Rfd8 22. f4 $11) 21...
Rfd8 22. Be4 $6 (22. c3) 22... Bxe4 {Mein Gegner muss seine Stellung hier
überschätzt haben.} 23. fxe4 Ne8 $1 $15 {Der Springer wird von f6 die
exponierten weissen Bauern unter Beschuß nehmen, während die schwarzen Türme
auf den Linien c und d Druck ausüben und alle schwarzen Figuren so perfekt mit
der Bauernstruktur harmonieren.} 24. Kf2 (24. e5 $5) 24... Rac8 25. Ke3 h6 {
Beschränkt, wie in Nimzowitsch´s Lehre, die Beweglichkeit des Angriffsziels.}
26. Rd3 Nf6 27. h3 Rc4 $1 {Provoziert die Schwächung des Damenflügels.} 28. b3
Rc5 29. Ne2 Rdc8 30. c3 h5 {[%csl Rc3,Re4,Rg4,Rh3]} 31. Kf3 Re5 $6 {Schwarz
büßt an Flexibilität ein, alle Figuren standen bereits richtig. Da Weiss
bereits an die passive Verteidigung seiner zahlreichen Schwächen gebunden ist
sollte Schwarz endlich seinen König miteinbeziehen.} (31... Kf8 $1 32. Rd6 Re5
33. Rd4 Ke7 $17 {Der König verteidigt die d-Linie und es droht nun auch ein
Eindringen über die h-Linie.}) 32. Rd4 hxg4+ 33. hxg4 g5 $2 {Mein Gegner und
ich waren bereits knapp an Zeit und ich setzte schematisch fort, da uns beiden
offenbar entging...} 34. Rh1 ({...dass} 34. b4 $1 $11 {den schwarzen Re5
wirksam einkreist.}) 34... Kg7 35. Rh3 (35. b4) 35... a5 $1 {Jetzt ist wieder
alles in Ordung und Schwarz hat die Stellung fest im Griff.} 36. Rh1 Rec5 {
e5 ist einfach nicht das Feld für den Turm...} 37. Rd3 Kg6 38. Rh2 R5c7 39. Rh1
Nd7 {...sondern für den Springer!} 40. Rd4 Ne5+ 41. Kg3 {Schwarz hat seine
Figuren absolut optimal postiert, die weissen Schwächen sind fixiert und
anvisiert.} Rxc3+ {Effektvoll, aber unnötig.} (41... a4 $1 42. bxa4 bxa4 43.
Rxa4 Rd7 $19) 42. Nxc3 Rxc3+ 43. Kg2 Nxg4 (43... Rc2+ 44. Kg3 Rxa2 $17) 44. Rd8
Nf6 45. e5 Nd5 46. Rg8+ Kf5 {Die weisse Verteidigungsaufgabe erscheint nahezu
aussichtlos, da die schwarzen Figuren perfekt zusammenarbeiten und der weisse
König bereits in Gefahr ist.} 47. Rh7 $2 Ne3+ 48. Kf2 Ng4+ 49. Ke1 Nxe5 $19 50.
Rhg7 Ke4 51. Rb8 Ke3 52. Kf1 Rc2 53. Rxb5 Rf2+ 54. Ke1 Nd3+ 55. Kd1 Rd2# {
Damit gelang der deutschen Mannschaft ein 3-1 Sieg und Rehabilitierung für die
nur kurz zuvor erlittene Niederlage gegen die selbe Mannschaft bei der
Mannschafts-EM!} 0-1

[Event "Metz op 31th"]
[Site "Metz"]
[Date "2013.04.20"]
[Round "1"]
[White "Gharamian, Tigran"]
[Black "Crut, Aurelien"]
[Result "1/2-1/2"]
[WhiteElo "2663"]
[BlackElo "2367"]
[Annotator "Metz Alekhine/Primel,D"]
[PlyCount "85"]
[EventDate "2013.04.20"]
[EventType "swiss"]
[EventRounds "9"]
[EventCountry "FRA"]
[SourceTitle "EXT 2016"]
[Source "ChessBase"]
[SourceDate "2015.10.08"]
[SourceVersion "1"]
[SourceVersionDate "2015.10.08"]
[SourceQuality "1"]
[TimeControl "40/5400:1800+30"]
[WhiteClock "1:30:00"]
[BlackClock "1:30:00"]

1. e4 e6 2. d4 d5 3. Nd2 a6 4. Ngf3 c5 5. exd5 (5. dxc5 Bxc5 6. Bd3 Nc6 7. c3
Nf6 8. Qe2 Be7 (8... Qc7 9. O-O O-O $132) 9. O-O Qc7 10. Re1 b5 11. a4 b4 12.
c4 dxe4 13. Nxe4 h6 {Rozentalis,E (2622)-Naumkin,I (2445) Padova op-A 16th
2013 (6) 1-0} (13... Ng4 14. h3 Nd4 15. Qd1 Nxf3+ 16. Qxf3 Qh2+ 17. Kf1 Ne5 18.
Nd6+ Bxd6 19. Qxa8 O-O $44 {[%cal Gc8b7,Gb7g2]})) 5... exd5 6. c3 (6. dxc5 Bxc5
7. Nb3 (7. Bd3)) 6... Nc6 7. Bd3 (7. dxc5 Bxc5 8. Nb3 Bb6 9. Nfd4 Nf6 10. Bg5
O-O 11. Be2 h6 12. Bh4 g5 13. Bg3 Ne4 14. f3 Nxg3 15. hxg3 Qd6 16. g4 Re8 17.
Qc2 Qg3+ 18. Kf1 Qd6 19. Rd1 Bd7 20. Nxc6 bxc6 21. Nd4 Re7 22. Bd3 Rae8 23. Bf5
Bxd4 24. Bxd7 Re2 25. Qxe2 Rxe2 26. Kxe2 Bc5 27. Bf5 Kg7 28. Kd2 Qg3 29. Kc1
Qxg2 30. Rhf1 Be3+ 31. Kb1 c5 32. Rfe1 d4 33. Be4 a5 34. c4 Kf6 35. Rh1 Kg7 36.
Rhe1 Qh2 {Dvalishvili,P (2450)-Grachev,B (2668) Moscow 2010 0-1}) 7... cxd4 $1
(7... Nf6 8. dxc5 Bxc5 9. O-O O-O 10. Nb3 $14) (7... c4) 8. Nxd4 {65} (8. cxd4
{[%csl Rd2]}) 8... Nxd4 9. cxd4 {[%csl Rd2] La structure est quasiment
symétrique et l'avantage d'ouverture des Blancs est trés faible.} Nf6 10. O-O
Be7 11. h3 (11. Re1 O-O 12. Nf3 Bg4 13. h3 Bh5 $11) 11... O-O 12. Re1 {62} Bd7
$146 (12... Bb4 13. a3 Ba5 14. b4 Bb6 15. Nf3 Ne4 16. Bxe4 dxe4 17. Rxe4 Be6
18. Bg5 Qd7 19. Qe2 Bd5 20. Re3 Rae8 21. Be7 Bxf3 22. gxf3 Qxd4 23. Rd1 Qxe3
24. fxe3 Rxe7 25. Rd3 Rfe8 26. Kg2 Bxe3 27. f4 Bb6 28. Qg4 Re2+ 29. Kf3 g6 30.
Qd7 R2e7 31. Qa4 Re1 32. Qd7 Rd8 33. Qxd8+ Bxd8 34. Rxd8+ Kg7 35. Rd7 b5 36.
Ra7 Re6 37. Kf2 Kf6 38. Kf3 h5 39. h4 Rc6 40. Ke4 Ke6 41. Ra8 Rc4+ 42. Kd3 {
Siklosi,Z (2365)-Eingorn,V (2610) Austria 1998 0-1}) 13. Nf3 {61} Re8 14. Ne5
Qb6 $1 $11 15. Bg5 {[%csl Rd7]} Be6 16. b3 $6 {[%csl Ra3,Rb2,Rc3] un sérieux
affaiblissement des cases noires} Rac8 (16... a5 $5 {[%cal Ga5a4]}) 17. Rc1
Rxc1 (17... Ba3 $5 {[%csl Ga3] Profitant de l'affaiblissement b3} 18. Rxc8 Rxc8
19. Bxf6 gxf6 20. Ng4 Kg7 {[%csl Ga3]} 21. Qf3 Qxd4 22. Qg3 Bxg4 23. Bf5 $1 Bd6
$1 24. Qxg4+ (24. Qxd6 Bxf5) 24... Qxg4 25. hxg4 Rc7) 18. Bxc1 Rc8 19. Bg5 h6
20. Bh4 Qc7 21. Qe2 Bb4 22. Rd1 Be7 23. Ng6 Bd8 24. Bg3 Qb6 25. Nf4 Be7 26. Kh2
$6 {Une perte de temps et le Kh2 n'est pas trés bien placé} Bd6 27. Bb1 Rc3
28. Kg1 {Reconnaissant que 26. Kh2 n'était pas très heureux} (28. Nxe6 Bxg3+
{[%csl Rh2]}) 28... Bd7 29. Qe1 Rc8 30. Qe3 {Les deux camps ont du mal à
progresser et la partie semble s'acheminer vers la nulle} Qc7 31. Qf3 Re8 32.
Nxd5 $2 {Après ce coup, les Noirs prennent l'avantage} (32. Ne2 Bxg3 33. Nxg3
{[%cal Gg3f5]}) 32... Nxd5 33. Qxd5 Bxg3 34. fxg3 Bc6 35. Qf5 Qxg3 $15 {
[%csl Gc6,Rd4,Rg2] La partie commence à mal tourner pour le GMI qui doit
probablement déjà envisager de proposer la nulle} 36. Qf2 Qxf2+ 37. Kxf2 Rd8
38. Bd3 Kf8 39. Bc4 Bd5 40. Bxd5 Rxd5 41. Ke3 Ke7 42. Rc1 Kd7 43. Rf1 1/2-1/2